Most Followed Accounts on TikTok 2022 - Statistics

General Stats
  • This quiz has been taken 1,116 times
    507 since last reset
  • The average score is 4 of 20
Answer Stats
Username Followers % Correct
charlidamelio 138.7 Million
88%
khaby.lame 135.9 Million
66%
dixiedamelio 57.2 Million
58%
addisonre 87.3 Million
31%
bellapoarch 88.8 Million
29%
tiktok 61.7 Million
18%
zachking 68.1 Million
17%
willsmith 71.2 Million
13%
therock 51.9 Million
12%
spencerx 54.9 Million
11%
jasonderulo 54.4 Million
8%
billieeilish 43.3 Million
4%
cznburak 57.1 Million
4%
domelipa 51.2 Million
3%
kallmekris 43.4 Million
3%
bts_official_bighit 48.8 Million
2%
justmaiko 51.5 Million
2%
kimberly.loazia 61.5 Million
2%
youneszarou 45.5 Million
2%
brentriviera 42.9 Million
1%
No matching quizzes found
Score Distribution
Percent of People with Each Score
Percentile by Number Answered
Your Score History
You have not taken this quiz since the last reset